| 000 | 01434nam a22003974i 4500 | ||
|---|---|---|---|
| 999 |
_c64227 _d64227 |
||
| 001 | bimo0001656274 | ||
| 003 | CO-MdFUSB | ||
| 005 | 20180309084006.0 | ||
| 008 | 010301t2000 sp | g ||| ||spa | ||
| 017 |
_aB 46438-2000 _bOficina Depósito Legal Barcelona |
||
| 020 | _a8482671596 | ||
| 040 |
_aSpMaBN _bspa _cCO-MdFUSB _erdc _dCO-MdFUSB |
||
| 041 | 1 |
_aspa _heng |
|
| 080 | 0 | _a223.2.01 | |
| 082 |
_224 _aG 223.2 _bL856c |
||
| 100 | 1 |
_aLongman, Tremper _eautor |
|
| 240 | 1 | 0 | _aHow to read the psalms |
| 245 | 0 | 0 |
_aCómo leer los salmos _c/ Tremper Longman III ; [traducción, Ruth Sánchez Imizcoz] |
| 264 | 1 |
_aTerrassa (Barcelona) : _bClie, _c℗[2000] |
|
| 264 | 4 | _c©2000 | |
| 300 |
_a189 páginas _c23 cm _b: |
||
| 336 |
_2rdacontent _atexto _btxt |
||
| 337 |
_2rdamedia _asin mediación _bn |
||
| 338 |
_2rdacarrier _avolumen _bnc |
||
| 490 | 1 | _aSeminario | |
| 505 | _aLos Salmos entonces y ahora -- El arte de los Salmos -- Una melodía de Salmos | ||
| 630 | 0 | 8 |
_aBiblia. _pA.T. _pSalmos _xIntroducciones _2embne |
| 830 | 0 | _aSeminario (Editorial Clie) | |
| 942 | _cBK | ||
| 956 | _a2 | ||
| 980 |
_aB 46438-2000 _a84-8267-159-6 _aM-BN _bBNALCALA _j12/57503 _cALCALA |
||
| 980 |
_aB 46438-2000 _a84-8267-159-6 _aM-BN _bBNALCALA _jAHM/527529 _cSALA_ALC |
||
| 980 |
_aB 46438-2000 _a84-8267-159-6 _aM-BN _bBNALCALA _jDL/1032453 _cCONSERVACI |
||